[Event "Olimpiade 2024 - Donne"]
[Site "Budapest"]
[Date "12.09.2024"]
[Round "2.16"]
[Board "1"]
[White "Maksimovic, Masa"]
[Black "Atalik, Ekaterina"]
[Result "0-1"]
[WhiteTitle "WFM"]
[BlackTitle "IM"]
[WhiteElo "2093"]
[BlackElo "2381"]
[WhiteTeam "Bosnia & Herzegovina"]
[BlackTeam "Turkiye"]
[WhiteFideId "14408902"]
[BlackFideId "4130189"]
[EventDate "2024.09.11"]

1. e4 e5 2. Nf3 Nc6 3. Bb5 a6 4. Ba4 Nf6 5. O-O Be7 6. Re1 b5 7. Bb3 d6 8. c3
O-O 9. h3 Bb7 10. d4 Nd7 11. Nbd2 exd4 12. cxd4 Bf6 13. Nf1 Na5 14. Bc2 Re8 15.
Ng3 g6 16. Rb1 c5 17. b4 cxb4 18. Rxb4 Rc8 19. a4 Qc7 20. Bb1 bxa4 21. Qxa4 Bc6
22. Qd1 Bb5 23. Bf4 Nb6 24. Bd3 Nac4 25. Bg5 Bxg5 26. Nxg5 d5 27. Rb1 Qf4 28.
Nf3 Na3 29. Bxb5 Nxb5 30. Ra1 dxe4 31. Ne5 Nc3 32. Qg4 Qxg4 33. Nxg4 Nbd5 34.
Rxa6 Kg7 35. Rd6 Nf4 36. Nf6 Re7 37. Ngxe4 Nfe2+ 38. Kh2 Nxe4 39. Nd5 Nxd6 40.
Nxe7 Rc2 0-1

[Event "Olimpiade 2024 - Donne"]
[Site "Budapest"]
[Date "12.09.2024"]
[Round "2.17"]
[Board "1"]
[White "Roebers, Eline"]
[Black "Stojkovska, Monika"]
[Result "1-0"]
[WhiteTitle "IM"]
[BlackTitle "WFM"]
[WhiteElo "2340"]
[BlackElo "2043"]
[WhiteTeam "Netherlands"]
[BlackTeam "North Macedonia"]
[WhiteFideId "1058401"]
[BlackFideId "15002594"]
[EventDate "2024.09.11"]

1. e4 e6 2. d4 d5 3. Nc3 Nf6 4. Bg5 dxe4 5. Nxe4 Be7 6. Bxf6 gxf6 7. Nc3 a6 8.
g3 b5 9. Bg2 Ra7 10. Qd3 c5 11. d5 Rd7 12. Nh3 b4 13. Nd1 Bb7 14. Ne3 exd5 15.
Nf5 Nc6 16. Nf4 Ne5 17. Qe2 Qa8 18. O-O-O d4 19. Bxb7 Qxb7 20. Nh5 Kd8 21. f4
Ng6 22. g4 Kc7 23. Rhe1 Qb5 24. Qe4 Qc6 25. Nxe7 Qxe4 26. Rxe4 Rxe7 27. Rde1
Rxe4 28. Rxe4 Kd6 29. Nxf6 h6 30. Kd2 Ne7 31. Re5 Ng6 32. Ne4+ Kd7 33. Nxc5+ Kd6
34. Ne4+ Kd7 35. Rf5 Ke7 36. Kd3 Rc8 37. Nd2 Nf8 38. Nc4 Ne6 39. Nb6 Rb8 40.
Nd5+ Kd6 41. Nf6 Ke7 42. Ne4 f6 43. Nxf6 Ng7 44. Nd5+ Kd6 45. Re5 Ne6 46. Ke4 b3
47. cxb3 d3 48. Ne3 Rb4+ 49. Nc4+ Kd7 50. Rd5+ Kc6 51. Rd6+ Kc7 52. Ke5 Nc5 53.
f5 Rb8 54. Rxh6 Re8+ 55. Kd4 1-0

[Event "Olimpiade 2024 - Donne"]
[Site "Budapest"]
[Date "12.09.2024"]
[Round "2.17"]
[Board "2"]
[White "Manova, Ivana"]
[Black "Peng, Zhaoqin"]
[Result "1/2-1/2"]
[BlackTitle "GM"]
[WhiteElo "2031"]
[BlackElo "2349"]
[WhiteTeam "North Macedonia"]
[BlackTeam "Netherlands"]
[WhiteFideId "15003590"]
[BlackFideId "1004786"]
[EventDate "2024.09.11"]

1. e4 e6 2. d4 d5 3. Nc3 dxe4 4. Nxe4 Nd7 5. Nf3 Ngf6 6. Bg5 h6 7. Nxf6+ Nxf6 8.
Bxf6 Qxf6 9. g3 Bd6 10. Bg2 O-O 11. O-O Rd8 12. Qe2 Rb8 13. Rad1 Bd7 14. Ne5 Be8
15. Ng4 Qe7 16. Rd2 c5 17. dxc5 Bxc5 18. Rfd1 b6 19. c3 a5 20. Ne5 Qc7 21. a3
Rxd2 22. Rxd2 b5 23. Nd3 Bd6 24. Qd1 Kf8 25. Ne1 Be7 26. Nc2 g6 27. Nd4 Kg7 28.
Qf3 b4 29. cxb4 axb4 30. axb4 Qc1+ 31. Qd1 Qxd1+ 32. Rxd1 Rxb4 33. Nc6 Bxc6 34.
Bxc6 Rxb2 35. Rc1 f5 36. Ba4 Rb4 37. Bd7 e5 38. Rc7 Bd8 39. Rc2 Bb6 40. Kg2 Rd4
41. Be8 g5 42. Rb2 Rd6 43. Rc2 Rd8 44. Bh5 Rd6 45. Be8 Rd8 1/2-1/2

[Event "Olimpiade 2024 - Donne"]
[Site "Budapest"]
[Date "12.09.2024"]
[Round "2.18"]
[Board "1"]
[White "Dornbusch, Tatiana"]
[Black "Munkhzul, Turmunkh"]
[Result "1-0"]
[WhiteTitle "WGM"]
[BlackTitle "WGM"]
[WhiteElo "2212"]
[BlackElo "2256"]
[WhiteTeam "Monaco"]
[BlackTeam "Mongolia"]
[WhiteFideId "14107449"]
[BlackFideId "4901878"]
[EventDate "2024.09.11"]

1. d4 Nf6 2. Nf3 d5 3. c4 e6 4. g3 Be7 5. Bg2 O-O 6. O-O dxc4 7. Qc2 a6 8. Qxc4
b5 9. Qc2 Bb7 10. Bf4 Nc6 11. Nbd2 Nd5 12. Nb3 Nxf4 13. gxf4 Nb4 14. Qc3 Nd5 15.
Qc1 Rc8 16. e3 Nf6 17. Rd1 Bd5 18. Qc3 Bd6 19. Rac1 Qe7 20. Ne5 Bxg2 21. Kxg2
Nd5 22. Qc2 f6 23. Nc6 Qe8 24. Qe4 f5 25. Qf3 Rf6 26. Rg1 Rh6 27. Kf1 Nf6 28. h3
Ne4 29. Ke2 Qf7 30. Nd2 Nf6 31. Rg5 Kh8 32. Rcg1 Rg8 33. Qg2 Nd5 34. Qf3 Qd7 35.
Rc1 Rf6 36. Rgg1 Rff8 37. a3 a5 38. Nxa5 b4 39. axb4 Qb5+ 40. Nac4 Bxb4 41. Rgd1
Nb6 42. b3 Nd5 43. Nb1 Ra8 44. h4 Nf6 45. Rc2 Bd6 46. Nd2 Ng4 47. Qh1 Rgd8 48.
Ra1 Rxa1 49. Qxa1 Qd5 50. f3 Nf6 51. Qa5 Qxa5 52. Nxa5 Rb8 53. Nc6 Ra8 54. Ne5
Kg8 55. Ndc4 Bf8 56. Nd2 Bd6 57. Nd3 Nd5 58. Nc4 Be7 59. e4 Nf6 60. Nd2 Ne8 61.
h5 Ra1 62. Rc6 fxe4 63. fxe4 Rh1 64. Rxe6 Kf7 65. d5 Nf6 66. Ne5+ Kf8 67. Nc6
Bd6 68. h6 Bxf4 69. hxg7+ Kxg7 70. Nf3 h5 71. Ncd4 Kf7 72. Nf5 Ng4 73. Re7+ Kf6
74. Re6+ Kf7 75. e5 h4 76. Re7+ Kf8 77. e6 Ne5 78. Rxc7 Kg8 79. Rg7+ 1-0

[Event "Olimpiade 2024 - Donne"]
[Site "Budapest"]
[Date "12.09.2024"]
[Round "2.19"]
[Board "1"]
[White "Injac, Teodora"]
[Black "Arakhamia-Grant, Ketevan"]
[Result "0-1"]
[WhiteTitle "IM"]
[BlackTitle "GM"]
[WhiteElo "2425"]
[BlackElo "2263"]
[WhiteTeam "Serbia"]
[BlackTeam "Scotland"]
[WhiteFideId "932400"]
[BlackFideId "13600168"]
[EventDate "2024.09.11"]

1. c4 Nf6 2. Nc3 g6 3. g3 Bg7 4. Bg2 O-O 5. d4 d6 6. Nf3 Nbd7 7. O-O e5 8. e4
exd4 9. Nxd4 Re8 10. h3 a6 11. Bg5 h6 12. Be3 Nc5 13. Qc2 Bd7 14. Rad1 Qc8 15.
Kh2 Re5 16. f3 b5 17. b4 Nb7 18. Nde2 bxc4 19. Bd4 Re8 20. Nf4 c5 21. bxc5 Nxc5
22. Ncd5 Nxd5 23. Nxd5 Bxd4 24. Rxd4 Qd8 25. Rb1 Be6 26. Qd2 Bxd5 27. Rxd5 Nd3
28. Qxh6 Rb8 29. Rxb8 Qxb8 30. Qd2 Rc8 31. Qc3 Qb1 32. Rxd6 Qc1 33. Qf6 Qb2 34.
Qg5 Ne1 35. Rd2 c3 36. Rxb2 cxb2 37. Qg4 Rb8 0-1

[Event "Olimpiade 2024 - Donne"]
[Site "Budapest"]
[Date "12.09.2024"]
[Round "2.20"]
[Board "1"]
[White "Kanyamarala, Trisha"]
[Black "Pham, Le Thao Nguyen"]
[Result "0-1"]
[WhiteTitle "WIM"]
[BlackTitle "IM"]
[WhiteElo "2179"]
[BlackElo "2380"]
[WhiteTeam "Ireland"]
[BlackTeam "Vietnam"]
[WhiteFideId "45004722"]
[BlackFideId "12401226"]
[EventDate "2024.09.11"]

1. d4 Nf6 2. c4 e6 3. Nf3 Bb4+ 4. Bd2 Qe7 5. e3 Bxd2+ 6. Qxd2 d6 7. Nc3 O-O 8.
Bd3 e5 9. Bc2 Re8 10. O-O Bg4 11. Ng5 c6 12. h3 h6 13. Nge4 Nxe4 14. Nxe4 Bf5
15. Ng3 Bxc2 16. Qxc2 exd4 17. exd4 Nd7 18. Nf5 Qf6 19. Rfe1 Nf8 20. Rad1 Rad8
21. Qd3 Ne6 22. g3 h5 23. Re3 Kf8 24. Kg2 g6 25. Nh4 Ng5 26. Rde1 Rxe3 27. Qxe3
b6 28. d5 cxd5 29. cxd5 Rc8 30. Re2 Rc5 31. Rd2 Qe7 32. Qa3 Qe4+ 33. f3 Qe1 34.
Rf2 Rc1 35. Qxd6+ Kg7 0-1

[Event "Olimpiade 2024 - Donne"]
[Site "Budapest"]
[Date "12.09.2024"]
[Round "2.21"]
[Board "1"]
[White "Kosteniuk, Alexandra"]
[Black "Partac, Elena"]
[Result "1-0"]
[WhiteTitle "GM"]
[BlackTitle "WGM"]
[WhiteElo "2483"]
[BlackElo "2078"]
[WhiteTeam "Switzerland"]
[BlackTeam "Moldova"]
[WhiteFideId "4128125"]
[BlackFideId "13901001"]
[EventDate "2024.09.11"]

1. e4 e6 2. d4 d5 3. Nc3 dxe4 4. Nxe4 Bd7 5. Nf3 Bc6 6. Qe2 Nd7 7. Bd2 Ngf6 8.
Ng3 Bxf3 9. Qxf3 c5 10. dxc5 Bxc5 11. b4 Bd4 12. c3 Bb6 13. Rd1 Qc7 14. c4 Ne5
15. Qb3 Nc6 16. c5 Qe5+ 17. Be2 Nd4 18. Bc3 O-O-O 19. cxb6 1-0

[Event "Olimpiade 2024 - Donne"]
[Site "Budapest"]
[Date "12.09.2024"]
[Round "2.22"]
[Board "1"]
[White "Noshin, Anjum"]
[Black "Bulmaga, Irina"]
[Result "1/2-1/2"]
[WhiteTitle "WFM"]
[BlackTitle "IM"]
[WhiteElo "2085"]
[BlackElo "2406"]
[WhiteTeam "Bangladesh"]
[BlackTeam "Romania"]
[WhiteFideId "10218564"]
[BlackFideId "13903063"]
[EventDate "2024.09.11"]

1. e4 c5 2. Nf3 d6 3. d4 cxd4 4. Nxd4 Nf6 5. Nc3 a6 6. f3 e5 7. Nb3 Be6 8. Be3
Nbd7 9. g4 Nb6 10. g5 Nh5 11. Qd2 Be7 12. Nd5 Nxd5 13. exd5 Bf5 14. Rg1 O-O 15.
O-O-O Rc8 16. Bd3 Bxd3 17. Qxd3 b5 18. Qd2 f5 19. gxf6 Rxf6 20. Qg2 Qc7 21. Rd2
Rg6 22. Qf1 Qc4 23. Kb1 Qxf1+ 24. Rxf1 Rf8 25. Na5 Bh4 26. a4 Rgf6 27. axb5 axb5
28. c4 bxc4 29. Nxc4 e4 30. f4 Bg5 31. Rd4 Nxf4 32. Rxe4 Nxd5 33. Rxf6 Nxf6 34.
Rd4 Bxe3 35. Nxe3 Re8 36. Nd5 Ne4 37. b4 Kf7 38. Kb2 g5 39. b5 Nc5 40. b6 Re2+
41. Kc3 Ke6 42. Nc7+ Kd7 43. h4 h6 44. hxg5 hxg5 45. Nb5 Re6 46. Rg4 Re5 47. Nd4
Ne4+ 48. Kb4 Nf6 49. b7 Re8 50. Rxg5 Kc7 51. Rg7+ Kb6 52. Rf7 Nd5+ 53. Kc4 Nc7
54. Rf6 Kxb7 55. Rxd6 Re5 1/2-1/2

[Event "Olimpiade 2024 - Donne"]
[Site "Budapest"]
[Date "12.09.2024"]
[Round "2.23"]
[Board "1"]
[White "Tsolakidou, Stavroula"]
[Black "Pipiras, Filipa Fortuna"]
[Result "1/2-1/2"]
[WhiteTitle "IM"]
[BlackTitle "FM"]
[WhiteElo "2444"]
[BlackElo "2187"]
[WhiteTeam "Greece"]
[BlackTeam "Portugal"]
[WhiteFideId "4264312"]
[BlackFideId "1944894"]
[EventDate "2024.09.11"]

1. e4 c5 2. Nf3 Nc6 3. d4 cxd4 4. Nxd4 Nf6 5. Nc3 e6 6. Ndb5 Bb4 7. a3 Bxc3+ 8.
Nxc3 d5 9. exd5 exd5 10. Bd3 O-O 11. O-O d4 12. Ne2 Bg4 13. h3 Bxe2 14. Bxe2 Qb6
15. Qd3 Rfe8 16. Bf4 a6 17. Rad1 Nd5 18. Bc1 Rad8 19. Rfe1 h6 20. Qg3 Qc7 21.
Qxc7 Nxc7 22. Bf3 Ne6 23. b4 Re7 24. Bg4 Rf8 25. Bb2 Rd8 26. Re4 Kf8 27. Rde1
Nc7 28. Rxe7 Nxe7 29. Bf3 Nc6 30. Rd1 Ne6 31. g3 Ke7 32. Bg2 g5 33. Kf1 Rd7 34.
Be4 Ne5 35. Bf5 Nc4 36. Bc1 b5 37. Re1 Kf6 38. Be4 Rc7 39. Kg2 a5 40. Rh1 axb4
41. axb4 Ra7 42. Bc6 Ra2 43. Bxb5 Rxc2 44. Ba4 Rc3 45. Rd1 Nb6 46. Bb5 Rb3 47.
Bd2 Rb2 48. Kf3 Nd5 49. Bc4 Nc3 50. Bxc3 dxc3 51. Bxe6 Kxe6 52. Rc1 Rxb4 1/2-1/2

[Event "Olimpiade 2024 - Donne"]
[Site "Budapest"]
[Date "12.09.2024"]
[Round "2.24"]
[Board "1"]
[White "Perez Rodriguez, Jennifer"]
[Black "Brunello, Marina"]
[Result "1-0"]
[WhiteTitle "WGM"]
[BlackTitle "IM"]
[WhiteElo "2224"]
[BlackElo "2348"]
[WhiteTeam "Paraguay"]
[BlackTeam "Italy"]
[WhiteFideId "3507831"]
[BlackFideId "822590"]
[EventDate "2024.09.11"]

1. d4 Nf6 2. Bf4 b6 3. e3 Bb7 4. Nf3 g6 5. h3 Bg7 6. Be2 O-O 7. O-O d6 8. a4
Nbd7 9. Nc3 Re8 10. Bh2 a6 11. Qd3 e5 12. dxe5 dxe5 13. Qc4 Rc8 14. Rfd1 Qe7 15.
e4 Bf8 16. Nd2 a5 17. f3 Nc5 18. Qa2 Nh5 19. Bc4 Bh6 20. Nf1 Rf8 21. Kh1 c6 22.
Ne2 Rcd8 23. Qa3 Qg5 24. b4 Na6 25. bxa5 bxa5 26. Qb2 Qe7 27. Bxe5 Rxd1 28. Rxd1
Re8 29. Qb6 Qxe5 30. Qxb7 Nc7 31. Qxc6 Nf4 32. Qd6 Nxe2 33. Qxe5 Rxe5 34. Bxe2
Rc5 35. c4 Bg5 36. Nd2 Bxd2 37. Rxd2 g5 38. Kg1 Kg7 39. Kf2 h5 40. g3 Kf6 41.
Ke3 h4 42. gxh4 gxh4 43. f4 Rc6 44. Rb2 Na8 45. e5+ Ke7 46. Bf3 Rb6 47. Rb5 1-0

[Event "Olimpiade 2024 - Donne"]
[Site "Budapest"]
[Date "12.09.2024"]
[Round "2.25"]
[Board "1"]
[White "Efroimski, Marsel"]
[Black "Shuqja, Klean"]
[Result "1-0"]
[WhiteTitle "IM"]
[BlackTitle "WFM"]
[WhiteElo "2408"]
[BlackElo "2042"]
[WhiteTeam "Israel"]
[BlackTeam "Albania"]
[WhiteFideId "2810964"]
[BlackFideId "4701585"]
[EventDate "2024.09.11"]

1. e4 d5 2. exd5 Qxd5 3. Nc3 Qd6 4. d4 Nf6 5. Nf3 g6 6. h3 Bg7 7. Be3 O-O 8. Qd2
c6 9. Bh6 Be6 10. Be2 Nbd7 11. Bf4 Qb4 12. O-O Rfc8 13. Rfe1 a5 14. Ng5 Nf8 15.
a3 Qb6 16. Na4 Qa7 17. c4 b6 18. Bf1 Rd8 19. Nf3 N8d7 20. Nc3 Nc5 21. Qe3 Nb3
22. Rad1 Bf5 23. Bd3 Bxd3 24. Rxd3 e6 25. Bg5 Rdc8 26. Bxf6 Bxf6 27. Ne4 1-0

[Event "Olimpiade 2024 - Donne"]
[Site "Budapest"]
[Date "12.09.2024"]
[Round "2.26"]
[Board "1"]
[White "Varela La Madrid, Tilsia Carolina"]
[Black "Francisco Guecamburu, Candela Be"]
[Result "0-1"]
[WhiteTitle "WIM"]
[BlackTitle "WGM"]
[WhiteElo "2017"]
[BlackElo "2294"]
[WhiteTeam "Venezuela"]
[BlackTeam "Argentina"]
[WhiteFideId "3903001"]
[BlackFideId "160911"]
[EventDate "2024.09.11"]

1. e4 c5 2. c3 d5 3. exd5 Qxd5 4. Nf3 Nf6 5. d4 e6 6. Be3 cxd4 7. cxd4 Bb4+ 8.
Nc3 Qa5 9. Bd2 O-O 10. Bd3 Nc6 11. O-O Rd8 12. a3 Bxc3 13. Bxc3 Qh5 14. Re1 Bd7
15. Bd2 Be8 16. Bf4 Qd5 17. Be5 Nxe5 18. Rxe5 Qd6 19. Qe2 Qb6 20. Re1 Bc6 21. b4
Bxf3 22. Qxf3 Qxd4 23. Bb1 Rac8 24. h3 b6 25. R5e3 Qb2 26. g4 Rc1 27. Be4 Rxe1+
28. Rxe1 Qd2 29. Re2 Qd1+ 30. Kg2 h6 31. Bc2 Qd5 32. Re3 Rc8 33. Bb3 Qxf3+ 34.
Kxf3 Kf8 35. h4 h5 36. gxh5 Nxh5 37. Kg4 Nf6+ 38. Kg5 Rc1 39. Kf4 Ke7 40. Kf3
Ne8 41. Rd3 Nd6 42. Bd1 Nc4 43. Ke2 Nb2 44. Rd2 Nxd1 45. Rxd1 Rxd1 46. Kxd1 Kd6
47. Kd2 b5 48. Ke3 Ke5 49. f4+ Kf5 50. Kf3 a6 51. Kg3 g6 52. Kf3 f6 53. Kg3 Ke4
54. Kg4 Ke3 0-1

[Event "Olimpiade 2024 - Donne"]
[Site "Budapest"]
[Date "12.09.2024"]
[Round "2.29"]
[Board "2"]
[White "Azhar, Puteri Munajjah Az-Zahraa"]
[Black "Miranda Llanes, Yerisbel"]
[Result "0-1"]
[WhiteTitle "WIM"]
[BlackTitle "WGM"]
[WhiteElo "2014"]
[BlackElo "2294"]
[WhiteTeam "Malaysia"]
[BlackTeam "Cuba"]
[WhiteFideId "5709040"]
[BlackFideId "3507700"]
[EventDate "2024.09.11"]

1. d4 Nf6 2. c4 e6 3. Nc3 Bb4 4. e3 O-O 5. Bd3 d5 6. Ne2 c5 7. O-O cxd4 8. exd4
b6 9. Bg5 Be7 10. Rc1 Bb7 11. Bxf6 Bxf6 12. cxd5 exd5 13. Qb3 Qd7 14. Rcd1 Na6
15. Ng3 Nc7 16. Nh5 Be7 17. Rfe1 g6 18. Nf4 Bd6 19. Nh3 Rfe8 20. Ng5 Qg4 21. Nf3
Ne6 22. h3 Qh5 23. Bb5 Red8 24. Ne2 Rac8 25. Ng3 Qh6 26. Ne5 Bxe5 27. Rxe5 Qf4
28. Qd3 Qf6 29. Ree1 Nf4 30. Qe3 a6 31. Ba4 b5 32. Bb3 a5 33. Qe7 Qxe7 34. Rxe7
Ba6 35. a4 b4 36. Re3 Kf8 37. f3 Re8 38. Re5 f6 39. Rxe8+ Kxe8 40. Nf1 Kd7 41.
g3 Nd3 42. Rb1 Kd6 43. Ne3 Bc4 44. Bc2 Re8 45. Nf1 Re2 46. Bxd3 Bxd3 47. Rd1 Bc2
48. Rd2 Rxd2 49. Nxd2 Bxa4 50. b3 Bd7 51. g4 a4 52. bxa4 Bxa4 53. Kf2 Bc2 0-1

[Event "Olimpiade 2024 - Donne"]
[Site "Budapest"]
[Date "12.09.2024"]
[Round "2.31"]
[Board "2"]
[White "Johannsdottir, Johanna Bjorg"]
[Black "Lakos, Nikoletta"]
[Result "0-1"]
[BlackTitle "WGM"]
[WhiteElo "2013"]
[BlackElo "2192"]
[WhiteTeam "Iceland"]
[BlackTeam "Hungary B"]
[WhiteFideId "2303108"]
[BlackFideId "705128"]
[EventDate "2024.09.11"]

1. e4 c5 2. Nf3 Nc6 3. d4 cxd4 4. Nxd4 Qb6 5. Nb3 Nf6 6. Nc3 e6 7. Be3 Qc7 8.
Bc5 Bxc5 9. Nxc5 O-O 10. Be2 a6 11. O-O b5 12. a3 Ne5 13. Nd3 Nc4 14. Re1 Nxb2
15. Nxb5 axb5 16. Nxb2 Nxe4 17. Bd3 Nc3 18. Bxh7+ Kxh7 19. Qh5+ Kg8 20. Re3 Nd5
21. Rh3 f5 22. Qh7+ Kf7 23. Qh5+ Ke7 24. Qg5+ Kf7 25. Qh5+ Ke7 26. Qg5+ Nf6 27.
Nd3 Bb7 28. Rh7 Rf7 29. Rxg7 Qc3 30. Rd1 Rf8 31. Nf4 Qxc2 32. Rf1 Ke8 33. Rxf7
Rxf7 34. Ng6 Qe4 35. Qg3 Qxg2+ 36. Qxg2 Bxg2 37. Kxg2 Rg7 38. Rb1 Rxg6+ 39. Kf3
Rh6 40. Kg2 Rg6+ 41. Kf3 Rg4 42. Rxb5 Ra4 43. Rb3 Ke7 44. Re3 Ng4 0-1

[Event "Olimpiade 2024 - Donne"]
[Site "Budapest"]
[Date "12.09.2024"]
[Round "2.33"]
[Board "1"]
[White "Cramling, Pia"]
[Black "Timergazi, Layla"]
[Result "1-0"]
[WhiteTitle "GM"]
[BlackTitle "WIM"]
[WhiteElo "2425"]
[BlackElo "1979"]
[WhiteTeam "Sweden"]
[BlackTeam "New Zealand"]
[WhiteFideId "1700030"]
[BlackFideId "4303733"]
[EventDate "2024.09.11"]

1. c4 Nf6 2. Nf3 c5 3. g3 b6 4. Bg2 Bb7 5. O-O g6 6. d3 Bg7 7. e4 d6 8. Nc3 O-O
9. h3 Nc6 10. Be3 Nd7 11. d4 cxd4 12. Nxd4 Rc8 13. b3 Nc5 14. Rc1 Nxd4 15. Bxd4
f5 16. Bxg7 Kxg7 17. exf5 Bxg2 18. Kxg2 Rxf5 19. Qd2 Qd7 20. Rce1 Rcf8 21. b4
Na6 22. Nd5 e6 23. Ne3 Rf3 24. Rd1 Qf7 25. Kg1 h5 26. Ng2 e5 27. Qxd6 Rxf2 28.
Qxe5+ Kh7 29. Rxf2 Qxf2+ 30. Kh2 Rf7 31. Rd8 Qf6 32. Qxf6 Rxf6 33. Rd7+ Kh6 34.
a3 1-0

[Event "Olimpiade 2024 - Donne"]
[Site "Budapest"]
[Date "12.09.2024"]
[Round "2.37"]
[Board "1"]
[White "Alinasab, Mobina"]
[Black "Ortez, Andrea"]
[Result "1-0"]
[WhiteTitle "WGM"]
[BlackTitle "WIM"]
[WhiteElo "2336"]
[BlackElo "1948"]
[WhiteTeam "Iran"]
[BlackTeam "El Salvador"]
[WhiteFideId "12528897"]
[BlackFideId "6702392"]
[EventDate "2024.09.11"]

1. e4 c5 2. Nf3 Nc6 3. Bb5 g6 4. Bxc6 dxc6 5. d3 Bg7 6. h3 Nf6 7. Nc3 Nd7 8. Be3
e5 9. Qd2 h6 10. O-O Qe7 11. Nh2 Nf8 12. f4 exf4 13. Bxf4 Ne6 14. Bg3 Nd4 15.
Rae1 h5 16. Nd5 cxd5 17. exd5 Ne6 18. dxe6 Bxe6 19. Be5 Bh6 20. Bf4 Bg7 21. Nf3
Qd7 22. Be5 Bh6 23. Qc3 O-O 24. Qxc5 Rac8 25. Qf2 Rfe8 26. a3 b5 27. Bc3 a6 28.
Qh4 Qd8 29. Qf2 Qc7 30. Kh1 Qd6 31. Nd2 Bd7 32. Qxf7# 1-0

[Event "Olimpiade 2024 - Donne"]
[Site "Budapest"]
[Date "12.09.2024"]
[Round "2.38"]
[Board "1"]
[White "Mayorga Araya, Sofia"]
[Black "Narva, Mai"]
[Result "0-1"]
[WhiteTitle "WIM"]
[BlackTitle "IM"]
[WhiteElo "2059"]
[BlackElo "2420"]
[WhiteTeam "Costa Rica"]
[BlackTeam "Estonia"]
[WhiteFideId "6514065"]
[BlackFideId "4500512"]
[EventDate "2024.09.11"]

1. e4 e5 2. Nf3 Nc6 3. Bb5 a6 4. Ba4 d6 5. c3 Bd7 6. O-O Nge7 7. d4 Ng6 8. Re1
Be7 9. Nbd2 O-O 10. Nf1 exd4 11. cxd4 Bg4 12. Bxc6 bxc6 13. h3 Bd7 14. Be3 f5
15. exf5 Bxf5 16. Ng3 Be6 17. Ng5 Bxg5 18. Bxg5 Qxg5 19. Rxe6 Nf4 20. Re3 h5 21.
Qf1 h4 22. Ne2 Nd5 23. Re4 Rae8 24. Rg4 Qd2 25. Nc3 Ne3 26. fxe3 Qxe3+ 27. Kh1
Rxf1+ 28. Rxf1 Rf8 29. Rd1 d5 30. Rxh4 Rf2 31. Rg4 Rxb2 32. Na4 Rxa2 33. Nc5 a5
34. Nd7 Re2 35. Rb1 Re1+ 36. Rxe1 Qxe1+ 37. Kh2 a4 38. Rg3 Qb4 0-1

[Event "Olimpiade 2024 - Donne"]
[Site "Budapest"]
[Date "12.09.2024"]
[Round "2.39"]
[Board "1"]
[White "Cori T., Deysi"]
[Black "Smith, Olivia"]
[Result "1-0"]
[WhiteTitle "IM"]
[BlackTitle "WFM"]
[WhiteElo "2366"]
[BlackElo "2087"]
[WhiteTeam "Peru"]
[BlackTeam "Wales"]
[WhiteFideId "3801934"]
[BlackFideId "411850"]
[EventDate "2024.09.11"]

1. Nf3 Nf6 2. g3 g6 3. Bg2 Bg7 4. O-O O-O 5. d4 d6 6. a4 Nc6 7. d5 Nb4 8. Nc3 a5
9. Bg5 h6 10. Be3 Bf5 11. Nd4 Bd7 12. h3 c6 13. dxc6 bxc6 14. Qd2 Kh7 15. f4
Nfd5 16. Nxd5 Nxd5 17. Bf2 e5 18. Nxc6 Bxc6 19. Bxd5 Bxd5 20. Qxd5 exf4 21. gxf4
Qc8 22. Qd3 Bxb2 23. Rab1 Bc3 24. Rb5 Bb4 25. f5 Qc6 26. Rb6 Qc7 27. Qd5 Rab8
28. Rc6 Qe7 29. Bd4 Bc5 30. Bxc5 dxc5 31. fxg6+ fxg6 32. Rxf8 Rxf8 33. Qxc5
Qxc5+ 34. Rxc5 Rf4 35. Rxa5 Rc4 36. Ra7+ Kg8 37. a5 Rxc2 38. Kf2 Rc3 39. a6 Rxh3
40. Rb7 Ra3 41. a7 1-0

[Event "Olimpiade 2024 - Donne"]
[Site "Budapest"]
[Date "12.09.2024"]
[Round "2.43"]
[Board "4"]
[White "Parrado, Angelica"]
[Black "Almaamari, Zainab Darwish"]
[Result "0-1"]
[WhiteTitle "WFM"]
[BlackTitle "WCM"]
[WhiteElo "1741"]
[BlackElo "1661"]
[WhiteTeam "Palau"]
[BlackTeam "United Arab Emirates"]
[WhiteFideId "16600215"]
[BlackFideId "9309381"]
[EventDate "2024.09.11"]

1. d4 Nf6 2. c4 e6 3. g3 Bb4+ 4. Nd2 O-O 5. Bg2 Nc6 6. Nf3 d6 7. O-O Bxd2 8.
Bxd2 Bd7 9. Qc2 e5 10. dxe5 dxe5 11. Bc3 Re8 12. Rad1 Qc8 13. b4 Bf5 14. Qb2 Qe6
15. Nh4 Bh3 16. Bd5 Qe7 17. Rfe1 Nd8 18. b5 Nxd5 19. cxd5 b6 20. Nf3 f6 21. e4
Bg4 22. Rd3 Bxf3 23. Rxf3 Nf7 24. h4 Qd7 25. Kg2 a6 26. a4 Nd6 27. Bb4 Nc4 28.
Qe2 axb5 29. axb5 Qxb5 30. Rb3 Qa6 31. Rc1 b5 32. Qg4 Qa2 33. Rbc3 Rad8 34. R1c2
Qa7 35. Rf3 Qa4 36. Bc5 Qxc2 37. Rxf6 Nd2 38. Rc6 Qxe4+ 39. Qxe4 Nxe4 40. Be3
Rxd5 41. Rxc7 Nd6 42. Kh3 Nf5 43. Bc5 Red8 44. h5 Nd4 45. Bb4 R8d7 46. Rc8+ Rd8
47. Rc7 Ne6 48. Re7 Ng5+ 49. Kg2 e4 50. g4 Nf7 51. Kg3 Rd4 52. Bc5 Rc4 53. Bb6
Rd3+ 54. Kh4 g5+ 55. hxg6 hxg6 56. Be3 Kg7 57. g5 b4 58. Bf4 Rd5 59. Be3 Rb5 60.
Rd7 b3 61. Rd1 b2 62. Rb1 Kh7 63. Kg4 Ne5+ 64. Kg3 Nd3 65. Rh1+ Kg7 66. Rb1 Kf7
67. Rh1 b1=Q 0-1

[Event "Olimpiade 2024 - Donne"]
[Site "Budapest"]
[Date "12.09.2024"]
[Round "2.57"]
[Board "4"]
[White "Clement, Ciel Desiree"]
[Black "Natsheh, Wajd"]
[Result "0-1"]
[WhiteElo "1460"]
[BlackElo "1739"]
[WhiteTeam "Guyana"]
[BlackTeam "Palestine"]
[WhiteFideId "19702124"]
[BlackFideId "11507748"]
[EventDate "2024.09.11"]

1. e4 c5 2. Nf3 e6 3. c3 d5 4. exd5 exd5 5. d4 Nc6 6. Be3 c4 7. Nbd2 Bd6 8. b3
b5 9. a4 b4 10. cxb4 c3 11. Nb1 Bxb4 12. Qc1 c2+ 13. Nbd2 Bf5 14. Bb5 Ne7 15.
Ne5 Rc8 16. Nd3 O-O 17. Ra2 Bxd3 18. Bxd3 Na5 19. Bxc2 Nf5 20. O-O Nxe3 21. fxe3
Qg5 22. Nf3 Qh6 23. Kf2 Rfe8 24. Rd1 Nxb3 25. Qb1 Qxe3+ 26. Kf1 Na5 27. Qxb4
Qe2+ 28. Kg1 Rxc2 29. Re1 Qxg2# 0-1